Parole-Héléna-Bonne Maman - Statistiques

Statistiques générales
  • Ce quiz a été pris 192 fois
  • Le résultat moyen est 269 sur 306
Statistiques - réponses
Réponse % Correct
a
100%
je
100%
m'a
100%
maman
100%
bonne
99%
dit
99%
que
99%
ta
99%
tu
99%
de
98%
et
98%
la
98%
les
98%
mamie
98%
me
98%
ne
98%
on
98%
partie
98%
pas
98%
ce
97%
c'est
97%
etais
97%
non
97%
qui
97%
suis
97%
ton
97%
manques
96%
triste
96%
vie
96%
amour
95%
ans
95%
appris
95%
depuis
95%
elle
95%
vingt
95%
cinquante
94%
étapes
94%
beaucoup
93%
jours
93%
moi
93%
quand
93%
rejoindre
93%
souri
93%
t'appelais
93%
mes
92%
partout
92%
t'attendait
92%
toi
92%
autres
91%
s'est
91%
souvenirs
91%
comme
90%
aujourd'hui
89%
car
89%
dans
89%
rire
89%
aimés
88%
j'entends
88%
t'etais
88%
du
85%
en
85%
tes
85%
cousines
83%
nous
83%
pour
83%
voiture
83%
noel
82%
quatre
82%
toujours
82%
robes
81%
t'as
81%
bah
79%
celles
79%
ville
79%
c'etait
78%
cousais
78%
famille
78%
clean
76%
j'ai
76%
mille
76%
panier
76%
deux
75%
savait
75%
t'aidais
75%
était
74%
etait
74%
festins
74%
meme
74%
pleure
74%
un
74%
entre
73%
verre
73%
grands
72%
l'supermarché
72%
rosé
72%
beaux
71%
brushing
71%
mamies
71%
t'appelait
71%
t'arrivais
71%
tenant
71%
yeux
71%
nonante
70%
soir
70%
souvent
70%
bague
69%
juste
69%
l'sapin
69%
mais
69%
riait
69%
t'pliais
69%
vieille
69%
autour
68%
doigt
68%
pense
67%
qu'on
67%
jamais
66%
qu'est-ce
66%
j'boirai
65%
s'réunit
64%
gardé
63%
t'invitais
63%
trois
61%
s'rappelle
58%
sur
52%
bien
50%
manies
45%
rient
20%
Aucun quiz correspondant
Distribution des résultats
% des personnes avec chaque résultat
Percentile par nombre de réponses
Votre historique - résultats
Vous n’avez pas pris ce quiz